000 00656nam a2200217Ii 4500
003 JO-AjNU
008 230606s9999||||xx |||||||||||||| ||und||
020 _a978-81-7473-371-9
040 _aJO-AjNU
_beng
_erda
_cJO-AjNU
041 _aeng
050 1 4 _aHG151.2008
100 3 _aJain,Naveen Chand,
_eauthor
_91237
245 0 0 _aDictionary Of Banking
250 _a1 ed
264 3 1 _aIndia: a.i.t.b.s. publishers,2008
300 _a559p
336 _atext
_btxt
_2rdacontent
337 _aunmediated
_bn
_2rdamedia
338 _avolume
_bnc
_2rdacarrier
650 4 _aBanks and banking -- Dictionaries -- Finance -- Dictionaries -- Electronic books
_91238
999 _aE652
_c652
_d652